Statystyki dla Zdjęcia satelitarne - wyspy #1

Kliknij tutaj aby rozwiązać quiz!

Ogólne statystyki

  • Ten quiz został rozwiązany 34 razy
  • Średni wynik to 9 z 16

Statystyki odpowiedzi

Odpowiedź% Poprawnych
Irlandia
97%
Islandia
97%
Grenlandia
94%
Kuba
84%
Borneo
68%
Jamajka
65%
Hokkaido
61%
Jawa
61%
Bahrajn
55%
Sardynia
55%
Korsyka
52%
Zelandia
39%
Portoryko
29%
Long Island
19%
Vancouver
19%
Wyspa Księcia Edwarda
6%

Rozkład punktacji

Percentyl według liczby udzielonych odpowiedzi

Procent ludzi z każdym wynikiem

Twoja historia wyników

Nie rozwiązałeś tego quizu